Volební design, reformy a inženýrství v postjugoslávském prostoru 1990–2015

Volebný design, reformy a inženierstvo vo voľbách do hlavných (dolných) komôr parlamentov v postjuhoslávských štátnych entitách medzi rokmi 1990 a 2015. Politické systémy dnes siedmich fakticky samostatných štátnych entít –Slovinska, Chorvátska, Bosny a Hercegoviny, Srbska, Čiernej Hory, Kosov...

Ausführliche Beschreibung

Gespeichert in:
Bibliographische Detailangaben
1. Verfasser: Höfer, Karel
Format: Buchkapitel
Sprache:Tschechisch
Schlagworte:
Tags: Tag hinzufügen
Keine Tags, Fügen Sie das erste Tag hinzu!

MARC

LEADER 00000nla a2200000 4500
001 0236878
005 20240108073425.4
041 0 |a cze 
044 |a CZ 
245 1 0 |a Volební design, reformy a inženýrství v postjugoslávském prostoru 1990–2015  |c Karel Höfer 
520 |a Volebný design, reformy a inženierstvo vo voľbách do hlavných (dolných) komôr parlamentov v postjuhoslávských štátnych entitách medzi rokmi 1990 a 2015. Politické systémy dnes siedmich fakticky samostatných štátnych entít –Slovinska, Chorvátska, Bosny a Hercegoviny, Srbska, Čiernej Hory, Kosova, Macedónska. 
610 2 0 |a voľby 
610 2 0 |a Juhoslávia 
610 2 0 |a Chorvátsko 
610 2 0 |a Kosovo 
610 2 0 |a Čierna Hora 
610 2 0 |a systémy politické 
100 1 |a Höfer, Karel